000 01258nam a2200373 i 4500
001 10693
003 KOSZ 005
005 20200630132820.0
008 990506s1959 pl a f f 001 0 pol
015 _aPB 1960/744
040 _aWA N
_cWA N
_dKOSZ 005/ID
_dKOSZ 005/HR
041 1 _apol
_bger
046 _k1959
080 _a53
080 _a(083.1)
100 1 _aKohlrausch, Friedrich.
_eAutor
245 1 0 _aFizyka laboratoryjna.
_nT. 1 /
_cF. Kohlrausch ; [tł. z niem. Tadeusz Dryński et al.].
246 1 _iTytuł oryginału:
_aPraktische Physik.
260 _aWarszawa :
_bPaństwowe Wydawnictwo Naukowe,
_c1959.
300 _a856, [2] stron :
_bilustracje ;
_c25 cm.
336 _aTekst
_btxt
_2rdacontent
337 _aBez urządzenia pośredniczącego
_bn
_2rdamedia
338 _aWolumin
_bnc
_2rdacarrier
380 _aKsiążki.
388 _a1901-
504 _aIndeks.
658 _aFizyka i astronomia
650 4 _aFizyka doświadczalna
655 4 _aPoradnik
700 1 _aDryński, Tadeusz
_d(1905-1975).
_eAutor
710 2 _aPaństwowe Wydawnictwo Naukowe
_4pbl.
856 _uhttp://koha.tu.koszalin.pl/cgi-bin/koha/opac-detail.pl?biblionumber=10693
_yKatalog online BPK
942 _2UKD
_cKS
999 _c10693
_d10693